Joan of Arc and Her Marching Orders / (Record no. 5028)

MARC details
000 -LEADER
fixed length control field 00925nam a22002417a 4500
001 - CONTROL NUMBER
control field 5028
003 - CONTROL NUMBER IDENTIFIER
control field FISKH
005 - DATE AND TIME OF LATEST TRANSACTION
control field 20250829145149.0
008 - FIXED-LENGTH DATA ELEMENTS--GENERAL INFORMATION
fixed length control field 241101b cb ||||| |||| 00| 0 eng d
020 ## - INTERNATIONAL STANDARD BOOK NUMBER
International Standard Book Number 9781407123912
040 ## - CATALOGING SOURCE
Original cataloging agency FISKH
Language of cataloging eng
Transcribing agency FISKH
Modifying agency FISKH
082 ## - DEWEY DECIMAL CLASSIFICATION NUMBER
Classification number 944.026092
100 ## - MAIN ENTRY--PERSONAL NAME
Personal name Robins, Phil
245 ## - TITLE STATEMENT
Title Joan of Arc and Her Marching Orders /
Statement of responsibility, etc. by Phil Robins
260 ## - PUBLICATION, DISTRIBUTION, ETC.
Place of publication, distribution, etc. New York :
Name of publisher, distributor, etc. Scholastic ;
Date of publication, distribution, etc. 2002 .
300 ## - PHYSICAL DESCRIPTION
Extent 208 pages :
Other physical details illustrations ;
Dimensions 21 cm .
490 ## - SERIES STATEMENT
Series statement Horribly Famous
520 ## - SUMMARY, ETC.
Summary, etc. Even though Joan of Arc is dead, she's still full of surprises. Now you can get the inside story with Joan's secret diary. Read the news that set France ablaze in The Gallic Globe, and find out how a teenage girl gave an entire army its marching orders.
650 ## - SUBJECT ADDED ENTRY--TOPICAL TERM
Topical term or geographic name entry element importing from goodreads
Form subdivision non-fiction
700 ## - ADDED ENTRY--PERSONAL NAME
Personal name Reeve, Philip
Relator term iilustrator
942 ## - ADDED ENTRY ELEMENTS (KOHA)
Source of classification or shelving scheme Dewey Decimal Classification
Koha item type Books
Suppress in OPAC No
Holdings
Withdrawn status Lost status Source of classification or shelving scheme Damaged status Not for loan Collection Home library Current library Shelving location Date acquired Total Checkouts Full call number Barcode Date last seen Price effective from Koha item type Copy number
    Dewey Decimal Classification     Non-Fiction Footprints International School Library Network Toul Tom Poung Campus Footprints International School Library Network Toul Tom Poung Campus TTP Secondary Non-Fiction Bookshelves 11/01/2024   ROB 944.026092 FISSE00042 03/05/2025 11/01/2024 Books  
    Dewey Decimal Classification     Non-Fiction Footprints International School Library Network Toul Tom Poung Campus Footprints International School Library Network Toul Tom Poung Campus TTP Secondary Non-Fiction Bookshelves 08/29/2025   ROB 944.026092 FIS05413 08/29/2025 08/29/2025 Books 2